00625 2200241 4500001002100000005001500021035002000036245006300056100001400119250000600133300003500139700001600174260003600190082001000226084001600236020002200252650002400274990001700298990001700315990001700332990001700349990001700366INLIS00000000000011920180828042426 a0010-08180000831 aAneka Kerajinan Tali /cKurniasih; Penyunting, Diding A. B0 aKurniasih a- avi, 66 hlm. :bilus. ;c21 cm.0 aDiding A. B aJakarta :bPT Karya Kita,c2008 a745.5 a745.5 KUR a a978-979-9282-88-8 aKeterampilan Tangan a00505/P/2018 a00506/P/2018 a00507/P/2018 a00508/P/2018 a00509/P/2018